Odd Team Out - Big 4 Players Quiz Stats

 Plays Quiz Updated Apr 9, 2021

Support Sporcle.
Go Orange.
Score 0/14 Timer 05:00
1 Play Today
Players/Teams Decoy Team % Correct
Emmitt Smith, Junior Seau, Jerry Rice
a) Browns b) Cowboys c) 49ers d) Patriots
???
81.4%
Randy Johnson, David Ortiz, Frank Thomas, Frank Robinson
a) Cubs b) Red Sox c) Reds d) Diamondbacks
???
70.9%
Kevin Garnett, Moses Malone
a) Suns b) Nets c) Celtics d) Rockets
???
70.7%
Ray Allen, Robert Parish, Dirk Nowitzki, Julius Erving
a) Spurs b) 76ers c) Celtics d) Bucks
???
70.7%
Wilt Chamberlain, Jason Kidd, Shaquille O'Neal
a) Heat b) Mavericks c) Bulls d) Magic
???
66%
Vinny Testaverde, Peyton Manning
a) Colts b) Buccaneers c) Jets d) Steelers
???
64.7%
Albert Pujols, Reggie Jackson, Robin Yount, George Brett, Wade Boggs
a) Yankees b) Cardinals c) Red Sox d) Phillies
???
64.6%
Players/Teams Decoy Team % Correct
Walt Frazier, Steve Nash, Vince Carter, Charles Barkley
a) Mavericks b) Raptors c) Nets d) Clippers
???
63.3%
Cris Carter, Brett Favre, Charlie Joiner, Bruce Smith, Drew Brees
a) Packers b) Chiefs c) Eagles d) Chargers
???
57.5%
Carlos Beltran, Dave Winfield, Ken Griffey Jr.
a) Royals b) Mets c) Athletics d) Reds
???
56.9%
Bill Gadsby, Frank Mahovlich, Eddie Shore, Jean Beliveau
a) Flyers b) Bruins c) Maple Leafs d) Red Wings
???
52.4%
Mike Piazza, Dennis Eckersley, Whitey Ford
a) Indians b) Red Sox c) Braves d) Dodgers
???
45.6%
Phil Esposito, Cam Neely, Marcel Dionne, Jarome Iginla
a) Rangers b) Islanders c) Kings d) Penguins
???
33.2%
Norm Ullman, Jaromir Jagr
a) Devils b) Maple Leafs c) Blues d) Rangers
???
32.9%

You're not logged in!

Compare scores with friends on all Sporcle quizzes.
OR
Log In

From the Vault

Animal Name Game

by LTH

This is the hardest that you'll have to think about words all day.
Remove Ads.
Support Sporcle.
Get the best of Sporcle when you Go Orange. This ad-free experience offers more features, more stats, and more fun while also helping to support Sporcle. Thank you for becoming a member.

Show Comments

Extras

Top Quizzes Today


Score Distribution

Your Account Isn't Verified!

In order to create a playlist on Sporcle, you need to verify the email address you used during registration. Go to your Sporcle Settings to finish the process.

Report this User

Report this user for behavior that violates our Community Guidelines.

Details: